[Event "CRO-chT2 West"]
[Site "Croatia"]
[Date "2013.10.20"]
[Round "8.42"]
[White "Krkljes, Slaven"]
[Black "Tirkajla, Boris"]
[Result "0-1"]
[WhiteElo "2223"]
[BlackElo "2151"]
[PlyCount "140"]
[EventDate "2013.03.16"]
[EventType "team-tourn"]
[EventRounds "9"]
[EventCountry "CRO"]
[SourceTitle "EXT 2019"]
[Source "ChessBase"]
[SourceDate "2018.10.10"]
[SourceVersion "1"]
[SourceVersionDate "2018.10.10"]
[SourceQuality "1"]
[WhiteTeam "Rijeka Maestral"]
[BlackTeam "Mali Losinj"]
[WhiteTeamCountry "CRO"]
[BlackTeamCountry "CRO"]

1. e4 g6 2. d4 Bg7 3. Nf3 d6 4. Nc3 Bg4 5. Be2 Nc6 6. Be3 e5 7. d5 Nce7 8. Ng5 Bd7 9. h4 h6 10. Nh3 f5 11. f3 Nf6 12. Qd2 f4 13. Bf2 0-0 14. 0-0-0 a6 15. Rdg1 Nh5 16. g4 fxg3 17. Bxg3 Kh7 18. Nf2 Nxg3 19. Rxg3 h5 20. Kb1 Bh6 21. Qd3 b5 22. Ncd1 Qb8 23. Bf1 b4 24. Ne3 Qb6 25. Nfd1 Bf4 26. Nc4 Qc5 27. Rg2 Rf6 28. Be2 Bb5 29. Nf2 Bh6 30. b3 Bd7 31. Nh3 Bxh3 32. Rxh3 c6 33. dxc6 Nxc6 34. Qd5 Qxd5 35. exd5 Ne7 36. Nb6 Ra7 37. Bc4 Be3 38. Na4 Bd4 39. Rhg3 Nf5 40. Bd3 Nxg3 41. Rxg3 Kh6 42. Nb2 Bf2 43. Rh3 a5 44. a4 bxa3 45. Nc4 Bc5 46. c3 Raf7 47. Be4 Ra7 48. Ka2 Ra8 49. Rg3 Bf2 50. Rh3 Be1 51. Nb6 Ra6 52. Na4 Rf4 53. Rh1 Bxh4 54. Kxa3 Bd8 55. b4 axb4+ 56. cxb4 Rf7 57. b5 Ra5 58. Kb4 Rb7 59. Bd3 Rba7 60. Bc2 Bg5 61. Rd1 Be3 62. b6 Rxa4+ 63. Bxa4 Bxb6 64. Kb5 Bc5 65. Bc2 g5 66. Rh1 Rf7 67. Be4 Rf4 68. Kc4 g4 69. Kd3 g3 70. Rb1 g2 0-1

[Event "CRO-chT2 West"]
[Site "Rijeka"]
[Date "2012.10.13"]
[Round "7.32"]
[White "Tomljanovic, Goran"]
[Black "Krkljes, Slaven"]
[Result "0-1"]
[WhiteElo "2063"]
[BlackElo "2197"]
[PlyCount "34"]
[EventDate "2012.03.17"]
[EventType "team-tourn"]
[EventRounds "9"]
[EventCountry "CRO"]
[SourceTitle "EXT 2013"]
[Source "ChessBase"]
[SourceDate "2012.11.22"]
[SourceVersion "1"]
[SourceVersionDate "2012.11.22"]
[SourceQuality "1"]

1. d4 Nf6 2. c4 e6 3. Nc3 c5 4. d5 exd5 5. cxd5 d6 6. e4 g6 7. f4 Bg7 8. Qc2 0-0 9. Bd2 Re8 10. 0-0-0 Na6 11. h3 Nb4 12. Qb1 Qb6 13. a3 Nxe4 14. Nxe4 Rxe4 15. axb4 Bf5 16. b5 Rb4 17. Qa2 Qa5 0-1

[Event "Topusko op"]
[Site "Topusko"]
[Date "2012.08.07"]
[Round "4"]
[White "Krkljes, Slaven"]
[Black "Kamenecki, Stjepan"]
[Result "1-0"]
[WhiteElo "2222"]
[BlackElo "1924"]
[PlyCount "89"]
[EventDate "2012.08.04"]
[EventType "swiss"]
[EventRounds "7"]
[EventCountry "CRO"]
[SourceTitle "EXT 2013"]
[Source "ChessBase"]
[SourceDate "2012.11.22"]
[SourceVersion "1"]
[SourceVersionDate "2012.11.22"]
[SourceQuality "1"]

1. e4 c5 2. Nf3 d6 3. d4 cxd4 4. Nxd4 a6 5. c4 Nf6 6. Nc3 Nc6 7. Be2 Qc7 8. Be3 e5 9. Nb3 Be6 10. Rc1 Rd8 11. 0-0 h6 12. f4 exf4 13. Rxf4 Ne5 14. Nd5 Bxd5 15. cxd5 Qd7 16. Nd4 Be7 17. h4 0-0 18. h5 Nh7 19. Bg4 Nxg4 20. Rxg4 Bg5 21. Bxg5 Nxg5 22. Nf5 Rfe8 23. Qd2 Kh7 24. Rxg5 hxg5 25. Qxg5 Rg8 26. Ne7 Rge8 27. Nf5 Rg8 28. Rc3 Rde8 29. Rg3 Qd8 30. Qg6+ Kh8 31. Qxf7 Ref8 32. Qe7 Re8 33. Qf7 Ref8 34. Qxb7 Qf6 35. Qe7 Qxb2 36. h6 Qc1+ 37. Kh2 gxh6 38. Rxg8+ Rxg8 39. Qf6+ Kh7 40. Qe7+ Kh8 41. Qf6+ Kh7 42. Qxd6 Qg5 43. Qe7+ Kg6 44. d6 Qh5+ 45. Nh4+ 1-0

[Event "CRO-chT2 West"]
[Site "Rijeka"]
[Date "2012.04.22"]
[Round "6.32"]
[White "Krkljes, Slaven"]
[Black "Marceta, Milan"]
[Result "1-0"]
[WhiteElo "2197"]
[BlackElo "2080"]
[PlyCount "67"]
[EventDate "2012.03.17"]
[EventType "team-tourn"]
[EventRounds "9"]
[EventCountry "CRO"]
[SourceTitle "EXT 2013"]
[Source "ChessBase"]
[SourceDate "2012.11.22"]
[SourceVersion "1"]
[SourceVersionDate "2012.11.22"]
[SourceQuality "1"]

1. e4 c5 2. Nf3 Nc6 3. Nc3 g6 4. d4 cxd4 5. Nxd4 Bg7 6. Be3 d6 7. Bc4 Nf6 8. f3 Bd7 9. Qd2 a6 10. 0-0-0 Rc8 11. Bb3 Na5 12. g4 Nc4 13. Bxc4 Rxc4 14. h4 b5 15. h5 b4 16. Nce2 Qa5 17. Kb1 0-0 18. hxg6 fxg6 19. Bh6 Rf7 20. Bxg7 Kxg7 21. Qh6+ Kg8 22. g5 Nh5 23. f4 Bg4 24. f5 Qe5 25. fxg6 hxg6 26. Qxg6+ Qg7 27. Qxg7+ Kxg7 28. b3 Rc8 29. Rdg1 Bxe2 30. Nxe2 Rf2 31. Nd4 Nf4 32. Nf5+ Kf7 33. Rh7+ Kg8 34. Rgh1 1-0

[Event "CRO-chT2 West"]
[Site "Rijeka"]
[Date "2012.03.18"]
[Round "3.51"]
[White "Krkljes, Slaven"]
[Black "Stefan, Mario"]
[Result "1-0"]
[WhiteElo "2197"]
[BlackElo "1916"]
[PlyCount "71"]
[EventDate "2012.03.17"]
[EventType "team-tourn"]
[EventRounds "9"]
[EventCountry "CRO"]
[SourceTitle "EXT 2013"]
[Source "ChessBase"]
[SourceDate "2012.11.22"]
[SourceVersion "1"]
[SourceVersionDate "2012.11.22"]
[SourceQuality "1"]

1. e4 e6 2. d4 d5 3. e5 c5 4. c3 Nc6 5. Nf3 Bd7 6. Bd3 cxd4 7. cxd4 Qb6 8. 0-0 Nxd4 9. Nxd4 Qxd4 10. Nc3 a6 11. Be3 Qxe5 12. Re1 Qd6 13. Bd4 Nf6 14. Be5 Qc5 15. b4 Qc6 16. b5 Qc5 17. Rc1 Be7 18. bxa6 Bc6 19. Nb5 Qb6 20. Bc7 Qxa6 21. Nd6+ Bxd6 22. Bxa6 Bxc7 23. Bxb7 Bxh2+ 24. Kxh2 Bxb7 25. Rc7 Bc8 26. Qc2 0-0 27. Qc6 Ba6 28. f3 Bc4 29. a4 Ra6 30. Qc5 h6 31. a5 Rfa8 32. Qe7 Rf8 33. Ra7 Rc6 34. Rb1 d4 35. Rb8 Rcc8 36. Rxc8 1-0

[Event "Rijeka Paris Memorial op"]
[Site "Rijeka"]
[Date "2011.10.19"]
[Round "3"]
[White "Troselj, Teo"]
[Black "Krkljes, Slaven"]
[Result "1/2-1/2"]
[WhiteElo "2047"]
[BlackElo "2171"]
[PlyCount "82"]
[EventDate "2011.10.17"]
[EventType "swiss"]
[EventRounds "9"]
[EventCountry "CRO"]
[SourceTitle "EXT 2013"]
[Source "ChessBase"]
[SourceDate "2012.11.22"]
[SourceVersion "1"]
[SourceVersionDate "2012.11.22"]
[SourceQuality "1"]

1. d4 Nf6 2. Nf3 g6 3. Nbd2 Bg7 4. e4 d6 5. Be2 0-0 6. 0-0 Nbd7 7. c3 e5 8. dxe5 dxe5 9. Qc2 b6 10. a4 Bb7 11. Re1 Nh5 12. Bc4 Kh8 13. b4 a6 14. Ba3 g5 15. g3 c5 16. Rad1 Qe7 17. Nb3 f5 18. Rxd7 Qxd7 19. Nxg5 fxe4 20. Qe2 e3 21. fxe3 Nf6 22. bxc5 Qxa4 23. c6 Qxc6 24. e4 h6 25. Bxf8 hxg5 26. Bxg7+ Kxg7 27. Bd5 Nxd5 28. exd5 Qxd5 29. Qxe5+ Qxe5 30. Rxe5 Kf6 31. Re3 a5 32. Nd4 a4 33. Re6+ Kf7 34. Rxb6 Bd5 35. Nc2 a3 36. Rb5 Ke6 37. Nxa3 Rxa3 38. c4 Ra1+ 39. Kf2 Ra2+ 40. Ke3 Bxc4 41. Rxg5 Rxh2 1/2-1/2

[Event "Rijeka Paris Memorial op"]
[Site "Rijeka"]
[Date "2011.10.18"]
[Round "2"]
[White "Krkljes, Slaven"]
[Black "Jokic, Miljenko"]
[Result "1-0"]
[WhiteElo "2171"]
[BlackElo "1910"]
[PlyCount "47"]
[EventDate "2011.10.17"]
[EventType "swiss"]
[EventRounds "9"]
[EventCountry "CRO"]
[SourceTitle "EXT 2013"]
[Source "ChessBase"]
[SourceDate "2012.11.22"]
[SourceVersion "1"]
[SourceVersionDate "2012.11.22"]
[SourceQuality "1"]

1. d4 f5 2. Nf3 Nf6 3. c4 e6 4. Nc3 d5 5. Bf4 Nc6 6. c5 Bd7 7. b4 Ne4 8. Qb3 Be7 9. h4 0-0 10. e3 b6 11. Bb5 bxc5 12. Nxd5 Nxb4 13. Bxd7 exd5 14. Be6+ Kh8 15. Ne5 c4 16. h5 cxb3 17. g4 Nc2+ 18. Ke2 Bg5 19. Ng6+ hxg6 20. hxg6+ Bh6 21. Be5 Nf6 22. g5 Qe8 23. gxf6 Rxf6 24. Rxh6+ 1-0

[Event "CRO-chT2 West"]
[Site "Croatia"]
[Date "2011.04.10"]
[Round "5.31"]
[White "Baljak, Jadranko"]
[Black "Krkljes, Slaven"]
[Result "0-1"]
[WhiteElo "1906"]
[BlackElo "2196"]
[PlyCount "100"]
[EventDate "2011.03.12"]
[EventType "team-tourn"]
[EventRounds "9"]
[EventCountry "CRO"]
[SourceTitle "EXT 2014"]
[Source "ChessBase"]
[SourceDate "2013.11.20"]
[SourceVersion "1"]
[SourceVersionDate "2013.11.20"]
[SourceQuality "1"]

1. d4 Nf6 2. c4 e6 3. Nf3 c5 4. Nc3 cxd4 5. Nxd4 a6 6. e4 d6 7. Be2 Be7 8. Be3 0-0 9. 0-0 b6 10. Rc1 Bb7 11. f3 Nbd7 12. Qd2 Rc8 13. Rfd1 Rc7 14. Na4 Qb8 15. b4 Rfc8 16. Nb3 Ba8 17. Bf1 b5 18. cxb5 Rxc1 19. Rxc1 Rxc1 20. Qxc1 axb5 21. Nb2 d5 22. exd5 Nxd5 23. a3 Nxe3 24. Qxe3 Bd5 25. Nd2 Bd6 26. g3 Ne5 27. Be2 Nc6 28. Ne4 Be5 29. Qd2 Qa7+ 30. Kg2 Qxa3 31. Nd3 Bd4 32. Nf4 Qe3 33. Qxe3 Bxe3 34. Nxd5 exd5 35. Nd6 Nxb4 36. Nxb5 Kf8 37. Na3 Ke7 38. Bd1 Bb6 39. Kf1 Kd6 40. Ke2 Ke5 41. Nc2 Nc6 42. Ne1 Kd4 43. Nd3 Bc7 44. Bb3 Na5 45. Ba4 Bd6 46. Be8 f6 47. Bf7 g5 48. Be8 Kc3 49. Bd7 Nb3 50. Bf5 Nd4+ 0-1

[Event "CRO-chT2 West"]
[Site "Croatia"]
[Date "2011.04.10"]
[Round "6.31"]
[White "Krkljes, Slaven"]
[Black "Licardo, Renato"]
[Result "0-1"]
[WhiteElo "2196"]
[BlackElo "2186"]
[PlyCount "86"]
[EventDate "2011.03.12"]
[EventType "team-tourn"]
[EventRounds "9"]
[EventCountry "CRO"]
[SourceTitle "EXT 2014"]
[Source "ChessBase"]
[SourceDate "2013.11.20"]
[SourceVersion "1"]
[SourceVersionDate "2013.11.20"]
[SourceQuality "1"]

1. e4 c5 2. Nf3 Nc6 3. Bb5 g6 4. Bxc6 bxc6 5. 0-0 Nf6 6. d3 Bg7 7. c3 0-0 8. Be3 d6 9. h3 Qc7 10. Nbd2 Ba6 11. Qc2 Rab8 12. a3 d5 13. Rfe1 c4 14. dxc4 Nxe4 15. Nxe4 dxe4 16. Ng5 h6 17. Nxe4 Bxc4 18. Nc5 Rbd8 19. Rab1 f5 20. Qa4 Bf7 21. Na6 Qc8 22. Bc5 Rfe8 23. Nb4 e5 24. Qxc6 a5 25. Qb5 axb4 26. cxb4 f4 27. f3 e4 28. fxe4 f3 29. gxf3 Qxh3 30. Qf1 Qh5 31. Rbd1 Bxb2 32. a4 Be5 33. Qg2 Bf4 34. a5 Bb3 35. Rb1 Be6 36. Be3 Bxe3+ 37. Rxe3 Kh7 38. Rc1 Re7 39. Rec3 Qe5 40. Qf2 Red7 41. Rc5 Qf4 42. R5c2 Bh3 43. Qh2 Qg5+ 0-1

[Event "Mediterranean op-B 4th"]
[Site "Rijeka"]
[Date "2010.11.13"]
[Round "1"]
[White "Krkljes, Slaven"]
[Black "Mravic, Filip"]
[Result "1-0"]
[WhiteElo "2190"]
[BlackElo "1786"]
[PlyCount "81"]
[EventDate "2010.11.13"]
[EventType "swiss"]
[EventRounds "9"]
[EventCountry "CRO"]
[SourceTitle "EXT 2011"]
[Source "ChessBase"]
[SourceDate "2010.11.26"]
[SourceVersion "1"]
[SourceVersionDate "2010.11.26"]
[SourceQuality "1"]

1. e4 e5 2. Bc4 Nf6 3. d3 Nc6 4. Nc3 Bc5 5. Nf3 d6 6. Be3 Bb6 7. Qd2 Be6 8. a3 Bxe3 9. Qxe3 Qd7 10. 0-0-0 a6 11. Qg5 0-0 12. Qh4 b5 13. Bxe6 fxe6 14. Qh3 b4 15. axb4 Nxb4 16. d4 exd4 17. Rxd4 Nc6 18. Rd3 Qe7 19. Ng5 Rae8 20. f4 h6 21. Nf3 Nd7 22. Nh4 Rf6 23. Rhd1 Nc5 24. Rf3 Qf7 25. Qg3 Ne7 26. Qf2 Ng6 27. Nxg6 Qxg6 28. e5 Rf7 29. exd6 cxd6 30. Rxd6 Rc8 31. Qe2 Qf5 32. g3 Rfc7 33. Rf2 Rc6 34. Rxc6 Rxc6 35. g4 Qf7 36. f5 exf5 37. Rxf5 Qe6 38. Re5 Qg6 39. Qc4+ Re6 40. Qxc5 Rxe5 41. Qxe5 1-0

[Event "CRO-chT2 West"]
[Site "Croatia"]
[Date "2010.04.25"]
[Round "6.12"]
[White "Muskardin, Mario"]
[Black "Krkljes, Slaven"]
[Result "1/2-1/2"]
[WhiteElo "2138"]
[BlackElo "2185"]
[PlyCount "38"]
[EventDate "2010.03.27"]
[EventType "team-tourn"]
[EventRounds "9"]
[EventCountry "CRO"]
[SourceTitle "EXT 2012"]
[Source "ChessBase"]
[SourceDate "2011.11.24"]
[SourceVersion "1"]
[SourceVersionDate "2011.11.24"]
[SourceQuality "1"]

1. e4 c6 2. d4 d5 3. Nc3 dxe4 4. Nxe4 Bf5 5. Ng3 Bg6 6. h4 h6 7. Nf3 Nd7 8. h5 Bh7 9. Bd3 Bxd3 10. Qxd3 Ngf6 11. Bf4 Qa5+ 12. Bd2 Qc7 13. 0-0-0 e6 14. Ne4 Nxe4 15. Qxe4 Nf6 16. Qe2 Bd6 17. Kb1 0-0-0 18. g3 c5 19. dxc5 Bxc5 1/2-1/2

[Event "CRO-chT2 West"]
[Site "Croatia"]
[Date "2010.03.28"]
[Round "3.43"]
[White "Medancic, Rikard"]
[Black "Krkljes, Slaven"]
[Result "0-1"]
[WhiteElo "2286"]
[BlackElo "2185"]
[PlyCount "78"]
[EventDate "2010.03.27"]
[EventType "team-tourn"]
[EventRounds "9"]
[EventCountry "CRO"]
[SourceTitle "EXT 2012"]
[Source "ChessBase"]
[SourceDate "2011.11.24"]
[SourceVersion "1"]
[SourceVersionDate "2011.11.24"]
[SourceQuality "1"]

1. d4 Nf6 2. Nf3 e6 3. c4 c5 4. g3 b6 5. Bg2 Bb7 6. 0-0 cxd4 7. Nxd4 Bxg2 8. Kxg2 d6 9. Nc3 a6 10. b3 Be7 11. Bb2 0-0 12. e3 Ra7 13. f4 Rc7 14. Qf3 Qc8 15. Rac1 Nbd7 16. Rfd1 Re8 17. g4 g6 18. g5 Nh5 19. Nde2 f6 20. h4 Rf8 21. Ng3 Ng7 22. Nce4 Rc6 23. gxf6 Nxf6 24. Bxf6 Bxf6 25. Nxf6+ Rxf6 26. Ne4 Rf8 27. Rxd6 Rxd6 28. Nxd6 Qd8 29. Rd1 Qxh4 30. b4 Qf6 31. Qe2 e5 32. Ne4 Qe7 33. fxe5 Qxe5 34. Ng3 Nf5 35. Nxf5 Rxf5 36. Rd4 Rg5+ 37. Kf1 Qf5+ 38. Ke1 Qb1+ 39. Kd2 Rg2 0-1

[Event "Mediterranean op 3rd"]
[Site "Rijeka"]
[Date "2009.12.01"]
[Round "5"]
[White "Krkljes, Slaven"]
[Black "Haug, Marianne Wold"]
[Result "1-0"]
[WhiteElo "2187"]
[BlackElo "2005"]
[PlyCount "101"]
[EventDate "2009.11.27"]
[EventType "swiss"]
[EventRounds "9"]
[EventCountry "CRO"]
[SourceTitle "CBM 133 Extra"]
[Source "ChessBase"]
[SourceDate "2010.01.05"]
[SourceVersion "1"]
[SourceVersionDate "2010.01.05"]
[SourceQuality "1"]

1. e4 e5 2. Bc4 Nf6 3. d3 Nc6 4. Nf3 Be7 5. 0-0 0-0 6. a4 Re8 7. Re1 Bf8 8. Bg5 h6 9. Bh4 g6 10. Nc3 Bg7 11. Qd2 d6 12. Nd5 Kh7 13. Nxf6+ Bxf6 14. Bxf7 Rf8 15. Bxf6 Qxf6 16. Bd5 Bg4 17. Re3 Qf4 18. Ne1 Ne7 19. Bb3 c6 20. f3 d5 21. Re2 Qxd2 22. Rxd2 Bd7 23. c3 Rad8 24. Nc2 g5 25. exd5 Nxd5 26. Bxd5 cxd5 27. Re1 Bxa4 28. Rxe5 Rfe8 29. Rxe8 Rxe8 30. Nd4 Kg6 31. Kf2 Kf6 32. Re2 Rxe2+ 33. Nxe2 Ke5 34. Ke3 Be8 35. g3 Bh5 36. f4+ Kf5 37. Nd4+ Kg4 38. f5 Bf7 39. Kf2 h5 40. Kg2 h4 41. h3+ Kh5 42. g4+ Kh6 43. Nb5 Be8 44. Nxa7 Bd7 45. c4 Kg7 46. b4 Kf6 47. c5 Ke5 48. b5 Be8 49. d4+ Kxd4 50. c6 bxc6 51. b6 1-0

[Event "Mediterranean op 3rd"]
[Site "Rijeka"]
[Date "2009.11.29"]
[Round "3"]
[White "Krkljes, Slaven"]
[Black "Bubalo, Dean"]
[Result "1-0"]
[WhiteElo "2187"]
[BlackElo "1942"]
[PlyCount "65"]
[EventDate "2009.11.27"]
[EventType "swiss"]
[EventRounds "9"]
[EventCountry "CRO"]
[SourceTitle "CBM 133 Extra"]
[Source "ChessBase"]
[SourceDate "2010.01.05"]
[SourceVersion "1"]
[SourceVersionDate "2010.01.05"]
[SourceQuality "1"]

1. e4 e5 2. Bc4 f5 3. Bxg8 Rxg8 4. Qh5+ g6 5. Qxh7 Rg7 6. Qh6 fxe4 7. d3 d5 8. dxe4 dxe4 9. Bg5 Qd4 10. Nc3 Rf7 11. Qh4 Bb4 12. Nge2 Bxc3+ 13. bxc3 Qc4 14. Qh8+ Rf8 15. Qxe5+ Be6 16. Nf4 Rxf4 17. Bxf4 Nc6 18. Qh8+ Bg8 19. Rd1 Rd8 20. Rxd8+ Kxd8 21. Qf6+ Ne7 22. Qd4+ Kc8 23. Qxc4 Bxc4 24. a3 Nd5 25. Be5 c5 26. Kd2 Ne7 27. Bd6 Nc6 28. Bxc5 b5 29. Ke3 Na5 30. Bxa7 Bd5 31. Bc5 Nc4+ 32. Kd4 Bc6 33. h4 1-0

[Event "CRO-chT3"]
[Site "Rijeka/Pula"]
[Date "2009.04.05"]
[Round "2"]
[White "Krkljes, Slaven"]
[Black "Antunovic, Ivo"]
[Result "1-0"]
[WhiteElo "2187"]
[BlackElo "2117"]
[PlyCount "103"]
[EventDate "2009.04.04"]
[EventType "team-tourn"]
[EventRounds "9"]
[EventCountry "CRO"]
[SourceTitle "EXT 2011"]
[Source "ChessBase"]
[SourceDate "2010.11.26"]
[SourceVersion "1"]
[SourceVersionDate "2010.11.26"]
[SourceQuality "1"]

1. e4 d6 2. d4 Nf6 3. Nc3 g6 4. Bg5 Bg7 5. Qd2 0-0 6. 0-0-0 c6 7. Bh6 b5 8. Bxg7 Kxg7 9. e5 dxe5 10. dxe5 Qxd2+ 11. Rxd2 Ng4 12. f4 Nd7 13. Nf3 Nc5 14. Bd3 Nxd3+ 15. cxd3 Rd8 16. Re1 b4 17. Ne4 Be6 18. b3 Bd5 19. h3 Nh6 20. g4 a5 21. Re3 a4 22. Nc5 axb3 23. axb3 Ra1+ 24. Kc2 Rf1 25. Ne1 Rxf4 26. d4 Bh1 27. Red3 Ra8 28. Kb2 Rf1 29. Nc2 e6 30. Nxb4 Ng8 31. Rd1 Rf2+ 32. R3d2 Rxd2+ 33. Rxd2 Ne7 34. Nd7 Rd8 35. Nf6 c5 36. Nc2 Nc6 37. Rh2 Bf3 38. Rf2 Bd5 39. dxc5 Nxe5 40. Kc3 g5 41. Nd4 Ng6 42. Nxd5 Rxd5 43. b4 Nf4 44. h4 e5 45. Nf5+ Kf6 46. h5 e4 47. c6 e3 48. c7 exf2 49. c8Q Rd3+ 50. Kc4 Rc3+ 51. Kxc3 f1Q 52. Qd8+ 1-0

[Event "CRO-chT3"]
[Site "Rijeka/Pula"]
[Date "2009.04.04"]
[Round "1"]
[White "Krkljes, Slaven"]
[Black "Sercer, Zoran"]
[Result "1-0"]
[WhiteElo "2187"]
[BlackElo "2134"]
[PlyCount "65"]
[EventDate "2009.04.04"]
[EventType "team-tourn"]
[EventRounds "9"]
[EventCountry "CRO"]
[SourceTitle "EXT 2011"]
[Source "ChessBase"]
[SourceDate "2010.11.26"]
[SourceVersion "1"]
[SourceVersionDate "2010.11.26"]
[SourceQuality "1"]

1. e4 c6 2. d4 d5 3. e5 c5 4. dxc5 Nc6 5. Nf3 Bg4 6. Bb5 Qa5+ 7. Nc3 e6 8. Bd2 Qc7 9. b4 Nge7 10. Ba4 Bxf3 11. Qxf3 a6 12. 0-0 Ng6 13. Rae1 Be7 14. Qh5 Nh4 15. Qg4 g6 16. b5 axb5 17. Nxb5 Qd7 18. Nd6+ Kf8 19. Rb1 h5 20. Qf4 Bxd6 21. exd6 Nf5 22. Bc3 g5 23. Bxc6 Qxc6 24. Qb4 d4 25. Bxd4 Ra4 26. d7 Qxd7 27. c6+ Rxb4 28. Bc5+ Kg7 29. cxd7 Rc4 30. Bb6 Rxc2 31. d8Q Rxd8 32. Bxd8 Rxa2 33. Bxg5 1-0

[Event "Mediterranean op 2nd"]
[Site "Rijeka"]
[Date "2008.12.03"]
[Round "6"]
[White "Loncar, Robert"]
[Black "Krkljes, Slaven"]
[Result "1-0"]
[WhiteElo "2441"]
[BlackElo "2211"]
[PlyCount "49"]
[EventDate "2008.11.29"]
[EventType "swiss"]
[EventRounds "9"]
[EventCountry "CRO"]
[SourceTitle "CBM 127 Extra"]
[Source "ChessBase"]
[SourceDate "2009.01.08"]
[SourceVersion "2"]
[SourceVersionDate "2009.01.28"]
[SourceQuality "1"]

1. Nf3 Nf6 2. c4 c5 3. Nc3 b6 4. g3 Bb7 5. Bg2 e6 6. 0-0 Be7 7. Re1 d6 8. e4 a6 9. d4 cxd4 10. Nxd4 Qc7 11. Be3 Nbd7 12. f4 0-0 13. Rc1 Rfc8 14. f5 Nf8 15. fxe6 fxe6 16. Bh3 Nxe4 17. Nxe4 Bxe4 18. Nxe6 Qb7 19. Nf4 Re8 20. Nd5 Bd8 21. Bf2 Qf7 22. Rxe4 Rxe4 23. Bg2 Re8 24. Nf4 Qa7 25. Qd5+ 1-0

[Event "Rijeka op"]
[Site "Rijeka"]
[Date "2007.12.02"]
[Round "9"]
[White "Krkljes, Slaven"]
[Black "Zelic, Mladen"]
[Result "1/2-1/2"]
[WhiteElo "2178"]
[BlackElo "2286"]
[PlyCount "114"]
[EventDate "2007.11.25"]
[EventType "swiss"]
[EventRounds "9"]
[EventCountry "CRO"]
[SourceTitle "CBM 121 Extra"]
[Source "ChessBase"]
[SourceDate "2008.01.10"]
[SourceVersion "1"]
[SourceVersionDate "2008.01.10"]
[SourceQuality "1"]

1. e4 e5 2. Nf3 Nc6 3. Bc4 Nf6 4. d4 exd4 5. e5 d5 6. Bb5 Ne4 7. Nxd4 Bc5 8. 0-0 0-0 9. Bxc6 bxc6 10. Be3 Qe8 11. Nd2 Bxd4 12. Bxd4 c5 13. Nxe4 cxd4 14. Nc5 Qxe5 15. Nb3 Rb8 16. Rb1 Rb6 17. Re1 Qg5 18. Qxd4 Bh3 19. g3 Qf5 20. Qd3 Qh5 21. Nd4 Rh6 22. Qe2 Qg6 23. f4 Qb6 24. Qf2 c5 25. Nb3 d4 26. Re5 Re6 27. Rbe1 Rfe8 28. c3 Rxe5 29. fxe5 dxc3 30. bxc3 c4 31. Qxb6 axb6 32. Nd4 Ra8 33. Re2 Ra3 34. Nb5 Ra5 35. Rb2 Kf8 36. Kf2 Bd7 37. Nd4 Rxe5 38. Rxb6 Ra5 39. Rb2 Ra3 40. Ne2 Bg4 41. Rc2 Bf5 42. Rd2 Bd3 43. Nc1 Rxc3 44. Nxd3 cxd3 45. Ke3 Ra3 46. Kd4 Ke7 47. Kc4 Ke6 48. Kb4 Ra8 49. Kc3 Ra3+ 50. Kb2 Ra7 51. Rxd3 Kf5 52. Rd4 Ke5 53. Rb4 f5 54. a4 g5 55. Kc3 f4 56. Kd3 fxg3 57. hxg3 h5 1/2-1/2

[Event "Rijeka op"]
[Site "Rijeka"]
[Date "2007.11.29"]
[Round "6"]
[White "Klasan, Elvis"]
[Black "Krkljes, Slaven"]
[Result "1/2-1/2"]
[WhiteElo "2082"]
[BlackElo "2178"]
[PlyCount "112"]
[EventDate "2007.11.25"]
[EventType "swiss"]
[EventRounds "9"]
[EventCountry "CRO"]
[SourceTitle "CBM 121 Extra"]
[Source "ChessBase"]
[SourceDate "2008.01.10"]
[SourceVersion "1"]
[SourceVersionDate "2008.01.10"]
[SourceQuality "1"]

1. b3 d6 2. Bb2 Nd7 3. d4 Ngf6 4. Nf3 g6 5. Nbd2 Bg7 6. e4 0-0 7. Bd3 e5 8. d5 Nh5 9. Nf1 f5 10. Ng3 Nf4 11. 0-0 Nc5 12. b4 fxe4 13. Bxe4 Nxe4 14. Nxe4 Bg4 15. Ned2 Qd7 16. Re1 Nxg2 17. Re4 Nf4 18. a4 Nh3+ 19. Kf1 Ng5 20. Re3 e4 21. Bxg7 Qxg7 22. Nxg5 Bxd1 23. Rxd1 Qh6 24. Ndxe4 Rf4 25. Ne6 Rf5 26. Rdd3 Qxh2 27. Ke2 Kh8 28. Rh3 Qe5 29. Rhe3 Qa1 30. Nxc7 Raf8 31. Ne6 R8f7 32. Rc3 h6 33. Rh3 Rh5 34. Rc8+ Kh7 35. Rhc3 Rhf5 36. R3c7 g5 37. Nf8+ Kg7 38. Ne6+ Kg6 39. Rg8+ Kh5 40. Ng3+ Kg4 41. Nxf5 Rxf5 42. Rc4+ Kh3 43. Nd4 Re5+ 44. Kd3 Qf1+ 45. Kc3 Qxf2 46. Rh8 Re3+ 47. Kb2 Re4 48. Rc3+ Kg4 49. Nb5 Qf6 50. Rhc8 a6 51. Na3 Rxb4+ 52. Ka2 Rxa4 53. Kb3 b5 54. Nb1 Qd4 55. Kb2 Qb4+ 56. Kc1 Ra1 1/2-1/2

[Event "CRO-chT2 West"]
[Site "Rijeka"]
[Date "2005.03.19"]
[Round "1"]
[White "Grguric, Dragan"]
[Black "Krkljes, Slaven"]
[Result "1-0"]
[WhiteElo "2167"]
[BlackElo "2141"]
[PlyCount "45"]
[EventDate "2005.03.19"]
[EventType "team"]
[EventRounds "11"]
[EventCountry "CRO"]
[SourceTitle "EXT 2007"]
[Source "ChessBase"]
[SourceDate "2006.11.23"]
[SourceVersion "1"]
[SourceVersionDate "2006.11.23"]
[SourceQuality "1"]

1. e4 c5 2. Nf3 b6 3. Nc3 Bb7 4. d4 cxd4 5. Nxd4 d6 6. f4 Nd7 7. Bc4 Ngf6 8. Qe2 e5 9. Nf3 a6 10. Ng5 d5 11. exd5 Bd6 12. Nge4 Nxe4 13. Nxe4 Bb8 14. f5 Qh4+ 15. g3 Qh3 16. Ng5 Qxf5 17. Rf1 Qg6 18. Bd3 f5 19. Rxf5 e4 20. Qxe4+ Kd8 21. Nf7+ Qxf7 22. Rxf7 Re8 23. Bg5+ 1-0

[Event "CRO-chT U20 13th"]
[Site "Rabac"]
[Date "2004.09.05"]
[Round "1"]
[White "Krkljes, Slaven"]
[Black "Bosiocic, Marin"]
[Result "0-1"]
[WhiteElo "2155"]
[BlackElo "2308"]
[PlyCount "78"]
[EventDate "2004.09.05"]
[EventType "team-tourn"]
[EventRounds "9"]
[EventCountry "CRO"]
[SourceTitle "CBM 102 Extra"]
[Source "ChessBase"]
[SourceDate "2004.11.03"]
[SourceVersion "1"]
[SourceVersionDate "2004.11.03"]
[SourceQuality "1"]

1. c4 Nf6 2. Nf3 b6 3. g3 Bb7 4. Bg2 e6 5. 0-0 Be7 6. Nc3 0-0 7. d4 Ne4 8. d5 Nxc3 9. bxc3 Bf6 10. Qd3 Na6 11. h4 Nc5 12. Qc2 g6 13. Bh6 Bg7 14. Bxg7 Kxg7 15. Nd4 e5 16. Nb3 d6 17. Nxc5 bxc5 18. Rab1 Bc8 19. Rb2 f5 20. Rfb1 f4 21. Rb8 Rxb8 22. Rxb8 Qf6 23. Qa4 fxg3 24. fxg3 Qf2+ 25. Kh2 Bh3 26. Kxh3 Rxb8 27. Qxa7 Qf5+ 28. Kh2 Qc8 29. Qa3 Ra8 30. Qb2 Qa6 31. Qd2 Qxc4 32. Qg5 Re8 33. h5 Qxe2 34. h6+ Kf7 35. a4 Qh5+ 36. Qxh5 gxh5 37. Be4 Rh8 38. Bc2 Kf6 39. Bxh7 Rxh7 0-1